000 00515nam a2200217Ia 4500
003 OSt
005 20220916110949.0
006 a|||||r|||| 00| 0
007 ta
008 220915b |||||||| |||| 00| 0 ben d
024 _a37,445
037 _cTextbook
040 _bben
_aARTS
_cARTS
041 _aben
082 _aV431:2501:N5, 157J3
100 _aBasu
245 0 _aJangi vietnam
650 _aHISTORY
942 _hV431:2501:N5, 157J3
_cTB
_2CC
999 _c102368
_d102368